000 00721nam a2200241 a 4500
001 BRL_1133
005 20190320211041.0
008 141113c1973----mx-#######---#000-0#spa-#
041 _aspa
044 _amx
050 4 _aBM565
_b.B83 1973
100 1 _aBuber, Martín
_d1878-1975
_925883
245 1 0 _aJudaismo y civilización
_cMartin Buber ; prólogo de Sergio Nudelstejer B.
260 _aMéxico
_bTribuna
_c1973
300 _a45 p.
_c21 cm.
440 0 _aColección Mundo contemporáneo
_922911
500 _aTraducción de: At the turning - three addresses on judaism
500 _aAu1333
650 1 4 _aJudaísmo
_924417
700 1 _aNudelstejer B., Sergio
_epról.
_925884
902 _aGRL
942 _2lcc
_cB
999 _c9945
_d9945